Polskie postacie A-Z #2 - Statystyki

Ogólne statystyki
  • Ten quiz został rozwiązany 27 razy
  • Średni wynik to 17 z 24
Statystyki odpowiedzi
Wskazówka # Postać % Poprawnych
Wybitny kompozytor C Fryderyk Chopin
96%
Skoczek narciarski, trzykrotny indywidulany mistrz olimpijski S Kamil Stoch
96%
Obecny prezydent Polski N Karol Nawrocki
96%
Hrabia, komediopisarz, autor "Zemsty" F Aleksander Fredro
92%
Elektryk, współzałożyciel związku "Solidarność" W Lech Wałęsa
92%
Piosenkarka, gitarzystka, nazywana "królową polskiej piosenki" R Maryla Rodowicz
92%
Wprowadził stan wojenny J Wojciech Jaruzelski
92%
Pisarz, prozaik, właściwie Aleksander Głowacki P Bolesław Prus
85%
Jeden z ojców polskiej niepodległości D Roman Dmowski
85%
Niegdyś prezenter telewizyjny, obecnie polityk, kandydat na urząd prezydenta w 2025 roku H Szymon Hołownia
85%
Poeta, prozaik, historyk literatury, laureat Nagrody Nobla M Czesław Miłosz
81%
Były selekcjoner piłkarskiej reprezentacji Polski, również były piłkarz E Jerzy Engel
81%
Skoczek narciarski, medalista mistrzostw świata Ż Piotr Żyła
81%
Poeta, adwokat, autor "Akademii Pana Kleksa" B Jan Brzechwa
77%
Pisarz gatunku science fiction, autor "Solaris" L Stanisław Lem
73%
Założyciel Zamościa Z Jan Zamoyski
69%
Król Polski w latach 1492-1501 O Jan I Olbracht
65%
Ostatni dyktator powstania styczniowego, zamordowany na Cytadeli Warszawskiej T Romuald Traugutt
65%
Polityk komunistyczny, jednym z jego pseudonimów był "Feliks Duniak" G Władysław Gomułka
58%
Piosenkarka, tancerka, aktorka filmowa, związana z Studio Buffo U Natasza Urbańska
42%
Aktor teatralny i filmowy, również reżyser, wystąpił m.in. w filmach "Pan Wołodyjowski" oraz "Potop" Ł Tadeusz Łomnicki
42%
Polityk, współtwórca Komisji Edukacji Narodowej, jego dzieła stanowiły podstawę Konstytucji 3 Maja, publicysta oświeceniowy K Hugo Kołłątaj
38%
Generał artylerii wojsk holenderskich i wojsk Rzeczypospolitej, również pisarz A Krzysztof Arciszewski
27%
Polski reżyser, aktor, brał udział w m.in. "Jeziorze Bodeńskim", "Pułkowniku Kwiatkowskim" i "Bohaterze roku" I Adam Iwiński
0%
Nie znaleziono quizów pasujących do podanych kryteriów
Rozkład punktacji
Procent ludzi z każdym wynikiem
Percentyl według liczby udzielonych odpowiedzi
Twoja historia wyników
Nie rozwiązałeś tego quizu